| 000 | 00890cab a2200217 4500 | ||
|---|---|---|---|
| 001 | ABS40830 | ||
| 008 | 090401t1989 xxu||||| |||| 00| 0 eng d | ||
| 035 | _a(Sirsi) u26221 | ||
| 041 | _aeng | ||
| 100 | _aCox, M. | ||
| 245 | _aScottish structure plans and their role as indicators of future retail developments | ||
| 260 | _c1989 | ||
| 350 | _a0 | ||
| 490 |
_aLand Development Studies _v(6) 1989, 13-28(16) |
||
| 520 | _aDiscusses the potential future pattern of retail development in Scotland , analysing structure plan policies and the SDD`s new National Planning Guidelines . Explains the fundamental differences between Scotland`s planning framework and that of the rest of Briatin. Includes a map showing regional authority boundaries. | ||
| 650 | _aOUT OF TOWN | ||
| 650 | _aRETAIL WAREHOUSES | ||
| 690 | _aPLANNING LAW AND PRACTICE | ||
| 942 | _n0 | ||
| 948 | _c04/03/1997 | ||
| 999 |
_c17604 _d17604 |
||